Pretendemos contribuir a la derrota del proyecto contrainsurgente /

Presenta la situación salvadoreña antes de las elecciones de 1989. Analiza la participación de Convergencia Democrática (CD), presentando una síntesis sobre la posición de Héctor Oquelí miembro del CD, quien expone las condiciones en las que se encuentra El Salvador antes de las elecciones y la posi...

詳細記述

保存先:
書誌詳細
第一著者: Oquelí, Héctor
フォーマット: テキスト
言語:Spanish
主題:
タグ: タグ追加
タグなし, このレコードへの初めてのタグを付けませんか!

MARC

LEADER 00000 a a2200000 04500
001 12104
003 cru IIS
005 20220929091139.0
008 220929b |||||||| |||| 00| 0 spa d
040 |c cru IIS 
100 |a Oquelí, Héctor  
245 |a Pretendemos contribuir a la derrota del proyecto contrainsurgente /  |c Héctor Oquelí 
500 |a Colección Centroamérica 
520 |a Presenta la situación salvadoreña antes de las elecciones de 1989. Analiza la participación de Convergencia Democrática (CD), presentando una síntesis sobre la posición de Héctor Oquelí miembro del CD, quien expone las condiciones en las que se encuentra El Salvador antes de las elecciones y la posible estrategia del FMNL, de las posibles alianzas y la incidencia de las elecciones de Estados Unidos sobre El Salvador. Presenta también la alternativa programática, las demandas de condiciones como el acceso a los medios de comunicación y libertad de reunión en todo el país. Con base en estas condiciones, se trata de demostrar la falta de condiciones democráticas en el proceso electoral y se exigen reformas a la ley electoral. Finalmente se analiza la cuestión político electoral y lo que podría suceder después de primera ronda y las posibles alianzas. OB/JM  
650 |a ELECCIONES  
650 |a PODER POLITICO  
650 |a CONTRAINSURGENCIA  
650 |a IDEOLOGIAS POLITICAS  
650 |a ORGANIZACIONES REVOLUCIONARIAS  
650 |a DEMOCRATIZACION  
650 |a INTERVENCION EXTRANJERA  
773 |g número 54; páginas 9-11  
773 0 |0 43109  |9 4687  |a Coodinadora Regional de Investigaciones Económicas y Sociales  |d Managua, Nicaragua: CRIES, 1982-  |o 22358  |t Pensamiento Propio / 
942 |2 ddc  |c PP 
999 |c 22626  |d 22626